Bundesliga Maskottchen 2025/2026 - Statistiken

Allgemein
  • Dieses Quiz wurde 85 mal gespielt
  • Das Durchschnittsergebnis liegt bei 8 aus 17
Antwortstatistiken
Verein Maskottchen-Name % Korrekt
FC Bayern München Berni
84%
1. FC Köln Hennes IX.
84%
Borussia Dortmund Emma
77%
Eintracht Frankfurt Attila
69%
VFL Wolfsburg Wölfi
66%
VFB Stuttgart Fritzle
60%
Borussia Mönchengladbach Jünter
60%
RB Leipzig Bulli
56%
Bayer 04 Leverkusen Brian the Lion
44%
TSG 1899 Hoffenheim Hoffi
44%
1. FC Union Berlin Ritter Keule
44%
Hamburger SV Dino Hermann
40%
SC Freiburg Füchsle
26%
SV Werder Bremen Toni
21%
1. FSV Mainz 05 Johannes
13%
FC St. Pauli Zecki
13%
1. FC Heidenheim Paule
10%
Keine übereinstimmenden Quizze gefunden
Verteilung der Resultate
Anzahl Personen mit jedem Resultat
Perzentil nach korrekt beantworteten Fragen
Ihre Resultats-Entwicklung
Sie haben dieses Quiz noch nicht gespielt